Loading...
| History - World | 0 | 5 | 0 | 3 | 50 | 47 | 112.60 | 0 | 1 | 7.23 | 14.04 |
| History - European | 0 | 4 | 0 | 1 | 40 | 60 | 83.00 | 0 | 1 | 11.38 | 15.21 |
| Mythology | 0 | 4 | 0 | 1 | 40 | 92 | 96.75 | 0 | 0 | 7.45 | 15.38 |
| History - Other | 0 | 4 | 0 | 0 | 40 | 56 | 77.00 | 0 | 2 | 14.75 | 23.78 |
| Religion | 0 | 2 | 0 | 1 | 20 | 98 | 114.00 | 0 | 2 | 1.60 | 11.77 |
| Literature - British | 0 | 2 | 0 | 0 | 20 | 128 | 131.50 | 0 | 0 | 1.68 | 7.34 |
| Fine Arts - Other | 0 | 1 | 0 | 0 | 10 | 146 | 146.00 | 0 | 0 | 0.00 | 0.76 |
| Fine Arts - Painting and Sculpture | 0 | 1 | 0 | 0 | 10 | 81 | 81.00 | 0 | 1 | 3.38 | 6.99 |
| Literature - World | 0 | 1 | 0 | 1 | 10 | 121 | 121.00 | 0 | 0 | 0.22 | 1.52 |
| Science - Other | 0 | 1 | 0 | 0 | 10 | 28 | 28.00 | 1 | 1 | 6.97 | 9.09 |
| Science - Physics | 0 | 1 | 0 | 0 | 10 | 102 | 102.00 | 0 | 0 | 0.51 | 1.40 |
| Literature - European | 0 | 0 | 0 | 0 | 0 | 0.00 | 0 | 0 | 0.00 | 0.00 | |
| Science - Chemistry | 0 | 0 | 1 | 0 | -5 | 0.00 | 0 | 0 | 0.00 | 0.00 |